Представление документа в формате RUSMARC

ПолеНазваниеЗначение
  Тип записи a
  Библиографический уровень m
001 Контрольный номер RU/REG73/CBS_GRAD/1f6a5fb427924142ad2f3f0fbdd5f049
005 Дата корректировки 20251030150943.6
010 Индекс ISBN __
a ISBN 5-268-01102-2
b Уточнения в пер.
9 Тираж 300000 экз.
100 Данные общей обработки __
a Данные общей обработки 20251030d1991 |||y0rusy0189 ca
101 Язык документа 0_
a Язык текста rus
102 Страна публикации __
a Страна публикации RU
105 Кодированные данные (монография) __
a Кодированные данные (монография) a z 000ay
200 Заглавие и сведения об ответственности 1_
a Заглавие Т. 3 и 4
g Последующие сведения об ответственности автор примечаний Г. В. Краснов
215 Физическое описание __
a Объем 736 с., 8 л. ил.
c Иллюстрации/тип воспроизводства ил.
461 Уровень набора _0
1 700 1
a Толстой
b Л. Н.
g Лев Николаевич
4 070
1 2001
a Война и мир
e роман в 4 т.
f Лев Николаевич Толстой
g иллюстрации Д. Шмаринова
g редактор Н. М. Галактионова
v Т. 3 и 4
1 2101
a Москва
c Советская Росссия
d 1991 -
1 001RU/REG73/CBS_GRAD/e80e9d77ff844778a9c42133e84e15d7
1 203
a Текст
b визуальный
c непосредственный
1 215
d 21 см
606 Тематические рубрики 0_
a Основная рубрика Проза (х. л.)
610 Ключевые слова 0_
a Ключевые слова классика русская; романы исторические; романы-эпопеи; война Отечественная 1812 года; сражения знаменитые; любовь; произведения школьной программы; шедевры литературы
686 Индексы других классификаций __
a Классификационный индекс 84(2 Рос=Рус)1
2 Код системы rubbk
702 Вторичная интеллектуальная ответственность _1
a Фамилия Краснов
b Имя (инициалы) Г. В.
4 Код отношения 080
801 Источник записи _0
a Страна RU
b Организация RuCBSGrad
c Дата составления 20251030
g Правила каталогизации RCR
801 Источник записи _1
a Страна RU
b Организация RuCBSGrad
c Дата составления 20251030
g Правила каталогизации RCR
852 Данные о местонахождении __
a Наименование организации МБУК "ЦБС г. Димитровграда"
i Авторский знак Т 52
901 Тип документа __
t Тип документа n
w Контрольный № источника RU/REG73/CBS_GRAD/e80e9d77ff844778a9c42133e84e15d7
909 Создатель записи __
a Создатель записи Бакалдина
b Дата создания записи 20251030